Praktikum z výpočtových stredísk

Salvato in:
Dettagli Bibliografici
Autore principale: Chovanec, Stanislav
Ente Autore: Vysoká škola ekonomická v Bratislave. Fakulta riadenia
Altri autori: Kokles, Mojmír
Natura: Libro
Lingua:slovacco
Pubblicazione: Bratislava VŠE 1989
Edizione:1. vyd.
Soggetti:
Tags: Aggiungi Tag
Nessun Tag, puoi essere il primo ad aggiungerne!!

MARC

LEADER 00000nam a2200000 4500
001 c036075
005 20230116121517.6
041 0 |a slo 
044 |a SK 
245 1 0 |a Praktikum z výpočtových stredísk  |c Stanislav Chovanec, Mojmír Kokles 
250 |a 1. vyd. 
264 1 |a Bratislava  |b VŠE  |c 1989 
300 |a 163 s. 
610 2 0 |a strediská výpočtové 
100 1 |a Chovanec, Stanislav 
700 1 |a Kokles, Mojmír 
710 2 |a Vysoká škola ekonomická v Bratislave. Fakulta riadenia